| 000 | 01053cab a2200277 4500 | ||
|---|---|---|---|
| 001 | WB3207-50 | ||
| 008 | 090401t1996 xxu||||| |||| 00| 0 eng d | ||
| 035 | _a(Sirsi) u28141 | ||
| 041 | _aeng | ||
| 245 | _aSale and development agreement | ||
| 260 | _c1996 | ||
| 350 | _a0 | ||
| 490 |
_aEstates Gazette Case Summaries _v[1996] EGCS 16(1) (10/02/96) |
||
| 520 | _aIn "Virgin Management Ltd and another v De Morgan Group plc and another" CA 24 January 1996 it was held that neither the solicitors or surveyors were under a duty to warn of VAT consequences on a sale and leaseback agreement. Also at dispute was the capitalisation. | ||
| 650 | _aBREACH OF CONTRACT | ||
| 650 | _aCAPITALISATION | ||
| 650 | _aDUTY TO WARN | ||
| 650 | _aSALE AND DEVELOPMENT AGREEMENT | ||
| 650 | _aSALE AND LEASEBACK AGREEMENT | ||
| 650 | _aVALUE ADDED TAX | ||
| 650 | _aVIRGIN MANAGEMENT LTD V DE MORGAN GROUP PLC | ||
| 690 | _aMANAGEMENT-BUSINESS MANAGEMENT-PROFESSIONAL PRACTICE | ||
| 690 | _aTAXATION-CASE LAW | ||
| 942 | _n0 | ||
| 948 | _c04/03/1997 | ||
| 999 |
_c18976 _d18976 |
||